000 00494nam a2200181 a 4500
001 1054
003 CO-ViMGA
008 141112s2004 ck r 000 u spa d
040 _aCO-ViMGA
_bspa
_cCO-ViMGA
082 0 4 _a530.11 S152
100 1 _aSánchez Ron, Jose Manuel
_949086
245 1 0 _aEl origen y desarrollo de la relatividad
260 _aMadrid :
_bAlianza,
_c1983
300 _a234 p
490 _aAlianza universidad, 362
650 1 4 _aRELATIVIDAD - TEORIA
_949087
942 _2ddc
_cBK
999 _c13278
_d13278